Fr. Conceicao Rodrigues College of Engineering

Test your knowledge in Machine Drawing (Record no. 24372)

MARC details
000 -LEADER
fixed length control field 00250nam a2200109Ia 4500
082 ## - DEWEY DECIMAL CLASSIFICATION NUMBER
Classification number 602.2
100 ## - MAIN ENTRY--PERSONAL NAME
Personal name Pandey/Braj Raman
245 ## - TITLE STATEMENT
Title Test your knowledge in Machine Drawing
260 ## - PUBLICATION, DISTRIBUTION, ETC.
Name of publisher, distributor, etc. Curriculum Centre
Date of publication, distribution, etc. 2001
546 ## - LANGUAGE NOTE
Language note ENGLISH
942 ## - ADDED ENTRY ELEMENTS (KOHA)
Koha item type BOOK
Holdings
Withdrawn status Lost status Damaged status Not for loan Collection Home library Current library Date acquired Cost, normal purchase price Total Checkouts Full call number Barcode Date last seen Cost, replacement price Price effective from Koha item type
        AFT Fr. Agnel's C.Rodrigues College of Engineering Fr. Agnel's C.Rodrigues College of Engineering 17/03/2023 6.30   602.2 AFT502 17/03/2023 6.30 17/03/2023 BOOK